=LDR 00000nam 2200000 4500 =001 INLIS000000000033348 =005 20130612135316 =008 ***********************************ind** =035 ##$$0010-061300000033348 =041 ##$$a ind =082 ##$$a 413.028 =090 ##$$a 413.028, Cha,l =100 ##$$a Chaer,Abdul =245 ##$$a Leksikologi dan Leksikografi Indonesia, Abdul Chaer =260 ##$$a 2007 $b Jakarta =300 ##$$a ix,243 hlm, 21 cm =650 ##$$a Leksikologi =850 ##$$a NBPNMAT =990 ##$$a 0001/BPAP-NTB/2015 =990 ##$$a 0001/BPAP-NTB/2015 =990 ##$$a 0001/BPAP-NTB/2015